[Event "Baltic Zonal III Stage 2018"]
[Site "Liepaja"]
[Date "2018.07.13"]
[Round "7"]
[White "Sulskis, Sarunas"]
[Black "Samolins, Vitalijs"]
[Result "1/2-1/2"]
[WhiteElo "2507"]
[BlackElo "2400"]
[Annotator "TA"]
[PlyCount "120"]
[EventDate "2018.07.09"]
[EventType "swiss"]
[EventCountry "LAT"]
[SourceTitle "playchess.com"]
[Source "ChessBase"]
[SourceQuality "1"]

{[%evp 16,120,0,0,56,22,21,20,25,20,95,95,92,79,104,103,115,112,136,112,114,84,157,106,90,95,113,111,110,155,153,148,243,222,172,80,82,52,62,25,30,0,60,0,0,0,0,0,0,0,0,0,113,11,4,0,0,0,0,0,4,28,342,0,335,0,0,0,0,0,0,0,0,0,0,0,0,0,0,0,0,0,0,0,0,0,0,0,0,0,0,0,0,0,0,0,0,0,0,0,0,0,0,0,0,0,0]} 1. e4 e5 2. Nf3 Nc6 3. Bb5 {[%cal Bf1b5,Bb5a4,Ba4b3][%mdl 32]} a6 4. Ba4 Nf6 5. O-O Bc5 6. Nxe5 Nxe5 7. d4 b5 {C78: Ruy Lopez: Archangelsk and Möller Defences} 8. dxe5 Nxe4 9. Bb3 {LiveBook: 13 Games} Qh4 (9... Bb7 $11) 10. Be3 Bb7 $1 11. Bxc5 Nxc5 12. Bd5 O-O-O $146 (12... O-O $11 {keeps the balance.}) ({Predecessor:} 12... c6 13. Bf3 Qe7 14. Nc3 O-O 15. Re1 Rad8 16. Qd4 a5 17. a3 a4 18. Rad1 {½-½ (18) Klundt,K (2318)-Trent,L (2440) Hofheim 2018}) 13. Bxb7+ $16 Nxb7 {[#]} 14. a4 $1 {[%mdl 512]} b4 (14... bxa4 15. Nc3) 15. Qd3 a5 16. Nd2 d5 17. c3 Rhe8 18. Rfc1 Qf4 ({Black should play} 18... Re6) 19. cxb4 (19. g3 $142 $1 {[%cal Rg3f4]} Qg4 20. f4 (20. Qxh7 bxc3 21. Rxc3 Rxe5 $14) 20... bxc3 21. Rxc3 (21. Qxc3 Qd7 $16)) 19... Qxb4 20. Ra3 Re6 21. Rac3 c5 22. Nb3 {[%cal Rb3c5]} (22. Qxh7 $6 d4 $11) 22... c4 {White must now prevent ...Kb8.} 23. Nd4 (23. Qxh7 $6 Rxe5 24. Nd2 (24. Qxg7 Rde8 $14) 24... Qxb2 $11) 23... Qxb2 (23... Nc5 $16 24. Qxh7 Qxb2 25. Qxg7 (25. Nxe6 Nxe6 26. Qd3 Nc5 $16) 25... Nd3 26. Qxf7 (26. Nxe6 Qxf2+ 27. Kh1 Nxc1 $11) 26... Rxe5) 24. Nxe6 $18 fxe6 25. Qxh7 (25. Rb1 $18 Nc5 26. Rxc4 (26. Rxb2 Nxd3 27. Rb6 Kd7 $11) 26... dxc4 27. Qxd8+ $1 {[%mdl 512]} (27. Rxb2 $2 {perishes.} cxd3 28. Rd2 Ne4 $19) 27... Kxd8 28. Rxb2) 25... Rd7 $16 26. h4 {[%cal Bh2h4,Bh4h5][%mdl 32]} Nc5 27. h5 Kc7 28. Qg6 Nxa4 29. Rxc4+ (29. R3c2 $1 $14 Qb6 30. Ra2) 29... dxc4 $11 30. Rxc4+ Kb7 {And now ...Nb6 would win.} 31. Qe4+ Rd5 32. Rxa4 Qxe5 {[%mdl 4096] Endgame KQR-KQR} 33. g4 Kc7 (33... Qxe4 $11 34. Rxe4 Rd8) 34. Qxe5+ (34. Qf3 $16) 34... Rxe5 $16 {KR-KR} 35. f4 Rd5 36. Kf2 Kd7 37. Kf3 Ke7 38. g5 Kf7 $2 {[%mdl 8192] [#]} (38... Rc5 $1 $11 {and Black is okay.}) 39. Ra1 $2 (39. Rc4 $1 $18) 39... Rb5 $2 {[%mdl 8192] [#]} (39... e5 $11) 40. Kg4 $2 ({Only move:} 40. Rc1 $1 $18) 40... e5 $11 {The position is equal.} 41. Rc1 exf4 $1 42. Rc7+ Kf8 43. Kxf4 (43. Rc8+ {with more complications.} Kf7 44. Rc7+) 43... Rd5 44. Ra7 Rb5 45. Kg4 Rc5 46. Ra8+ Kf7 47. Ra7+ Kf8 48. g6 Rb5 49. Kh4 Rb4+ 50. Kg5 Rb5+ $1 51. Kg4 Rc5 52. Rb7 Rd5 53. Rf7+ Kg8 54. Ra7 Kf8 55. Rc7 Rb5 $1 56. Kh4 {aiming for Rc8+.} Rb4+ 57. Kg3 {Hoping for Rc8+.} Rb5 58. Rf7+ Kg8 59. Kg4 Rc5 60. Ra7 {Intending Ra8+ and mate.} Kf8 {Precision: White = 54%, Black = 67%.} 1/2-1/2

[Event "Baltic Zonal III Stage 2018"]
[Site "Liepaja"]
[Date "2018.07.13"]
[Round "7"]
[White "Laurusas, Tomas"]
[Black "Kantans, Toms"]
[Result "1/2-1/2"]
[WhiteElo "2465"]
[BlackElo "2529"]
[Annotator "TA"]
[PlyCount "31"]
[EventDate "2018.07.09"]
[EventType "swiss"]
[EventCountry "LAT"]
[SourceTitle "playchess.com"]
[Source "ChessBase"]
[SourceQuality "1"]

{[%evp 26,27,6,11]} 1. d4 Nf6 2. c4 g6 3. Nf3 Bg7 4. g3 O-O 5. Bg2 c6 6. O-O d5 7. cxd5 cxd5 8. Ne5 Ne4 9. Nc3 Nxc3 10. bxc3 Nc6 11. Nxc6 bxc6 12. Qa4 Qb6 13. Ba3 Qa6 {D79: Fianchetto Grünfeld: Symmetrical Variation (6 0-0 c6 7 cxd5 cxd5)} 14. Qxa6 {[#] LiveBook: 62 Games} {Predecessor:} Bxa6 $146 15. Rfe1 Rfe8 16. e3 {½-½ (16) Petrosian,T (2601)-Svidler,P (2765) Riadh 2017} 1/2-1/2

[Event "Baltic Zonal III Stage 2018"]
[Site "Liepaja"]
[Date "2018.07.13"]
[Round "7"]
[White "Kanep, Meelis"]
[Black "Berzinsh, Roland"]
[Result "1/2-1/2"]
[WhiteElo "2440"]
[BlackElo "2410"]
[Annotator "NA"]
[PlyCount "27"]
[EventDate "2018.07.09"]
[EventType "swiss"]
[EventCountry "LAT"]
[SourceTitle "playchess.com"]
[Source "ChessBase"]
[SourceQuality "1"]
[TimeControl "5400+30"]

1. Nf3 {[%emt 0:00:00]} d5 {[%emt 0:00:29]} 2. c4 {[%emt 0:00:00]} d4 {[%emt 0:00:11]} 3. b4 {[%emt 0:00:12]} g5 {[%emt 0:00:35]} 4. Bb2 {[%emt 0:00:31]} Bg7 {[%emt 0:00:17]} 5. Nxg5 {[%emt 0:00:28]} e5 {[%emt 0:00:39]} 6. Ne4 {[%emt 0:00:21]} f5 {[%emt 0:00:52]} 7. Nc5 {[%emt 0:00:23]} b6 {[%emt 0:05:20]} 8. Nd3 {[%emt 0:13:30]} Ne7 {[%emt 0:03:19]} 9. e3 {[%emt 0:10:07]} O-O {[%emt 0:04:05]} 10. exd4 {[%emt 0:02:26]} e4 {[%emt 0:04:00]} 11. Nf4 {[%emt 0:08:49]} Nbc6 {[%emt 0:03:28]} 12. c5 {[%emt 0:22:49]} Nxd4 {[%emt 0:01:32]} 13. Qc1 {[%emt 0:00:43]} Kh8 {[%emt 0:07:42]} 14. Na3 {[%emt 0:05:36]} 1/2-1/2

[Event "Baltic Zonal III Stage 2018"]
[Site "Liepaja"]
[Date "2018.07.13"]
[Round "7"]
[White "Malisauskas, Vidmantas"]
[Black "Neiksans, Arturs"]
[Result "0-1"]
[WhiteElo "2432"]
[BlackElo "2567"]
[Annotator "TA"]
[PlyCount "196"]
[EventDate "2018.07.09"]
[EventType "swiss"]
[EventCountry "LAT"]
[SourceTitle "playchess.com"]
[Source "ChessBase"]
[SourceQuality "1"]

{[%evp 22,196,25,35,44,31,44,37,43,20,9,12,10,13,18,0,0,0,0,0,0,0,0,-9,0,0,0,0,0,-1,-1,-1,-2,-6,-8,-8,-5,-2,0,0,0,0,0,0,0,0,0,0,0,0,0,0,0,0,0,0,0,0,0,0,0,0,0,0,0,0,0,0,0,0,0,0,0,0,0,0,0,0,0,-1356,-1137,-12841,-12841,-12841,-12842,-12842,-12842,-12844,-12844,-12846,-12846,-12847,-12846,-12850,-12850,-12851,-12851,-12851,-12851,-12851,-12851,-12851,-12851,-12851,-12851,-12851,-12851,-12851,-12851,-12851,-12851,-12851,-12851,-12851,-12851,-12851,-12851,-29976,-29976,-29985,-29959,-29958,-29959,-29961,-29963,-29956,-29963,-29963,-12851,-29964,-12851,-29966,-29967,-29962,-29966,-29965,-29969,-29965,-29969,-29967,-29965,-29960,-29964,-29964,-29963,-29964,-29969,-29967,-12851,-29966,-29966,-29964,-29970,-29970,-29974,-29978,-29979,-29978,-12851,-29975,-29976,-29972,-29979,-29987,-29984,-29984,-29984,-29988,-29989,-29989,-29989,-29989,-29986,-29988,-29989,-29988,-29989]} 1. Nf3 b6 2. g3 Bb7 3. Bg2 g6 4. c4 Bg7 5. Nc3 Nf6 6. O-O O-O 7. d4 Ne4 8. Nxe4 Bxe4 9. Be3 d5 {A50: Queen's Fianchetto Defence (1 d4 Nf6 2 c4 b6)} (9... c5 10. Qd2 d6 11. Rac1 Nd7 12. Rfd1 Nf6 13. Bh6 Qc7 14. Bxg7 Kxg7 15. Ne1 Rad8 16. f3 Bb7 17. d5 b5 18. b3 bxc4 19. bxc4 e5 {1-0 (56) Zherebukh,Y (2632)-Ipatov,A (2662) Saint Louis 2017}) 10. Qc1 Nc6 11. Rd1 dxc4 12. Qxc4 {[#] LiveBook: 3 Games. Hoping for d5.} Qd5 $146 ({Predecessor:} 12... Na5 13. Qc1 Qd5 14. Qxc7 Nc4 15. Bc1 e5 16. b3 Nd6 17. Bb2 {½-½ (59) Banawa,J (2370)-Gauri,S (2306) Saint Louis 2017}) 13. Rac1 Rac8 14. Qxd5 Bxd5 15. Ne5 Bxg2 16. Nxc6 Bxc6 17. Rxc6 Rfd8 18. Rdc1 Bxd4 19. Bxd4 Rxd4 20. Rxc7 Rd1+ 21. Rxd1 Rxc7 $11 {[%mdl 4096] Endgame KR-KR} 22. Rd2 f5 23. f4 Kf7 24. Kf2 e5 25. e4 exf4 26. gxf4 fxe4 27. Ke3 Ke6 28. Kxe4 Rc4+ 29. Kf3 a5 30. Re2+ Kd6 31. Kg4 a4 32. Kg5 Rc5+ 33. Kf6 Rf5+ 34. Kg7 Rh5 35. Kf6 Kc6 36. a3 Kb7 37. Kg7 Ka6 38. Re4 b5 39. Re2 Rh4 40. Kg8 Ka5 41. Kg7 Rh3 42. Rd2 Rh4 43. Re2 Kb6 44. Rc2 Ka6 45. Re2 Kb7 46. Rc2 Kb6 47. Kg8 Rh5 48. Kg7 b4 49. axb4 Rh4 50. b3 $2 {[%mdl 8192]} (50. Rc5 $11) 50... axb3 $19 51. Rc3 b2 52. Rb3 Rxh2 53. b5 h5 54. Kxg6 h4 55. Kg5 h3 56. Kg4 Rc2 57. Kxh3 {[#]} Rc3+ $1 {[%mdl 512]} 58. Rxc3 b1=Q {KQ-KR} 59. Re3 Kxb5 60. Re5+ Kc4 61. Kg3 Kd4 62. Kf3 Qg1 63. Re4+ Kd3 {( -> ...Qd1+)} 64. Re5 Qf1+ 65. Kg3 Kd4 66. Rg5 Qd3+ 67. Kg4 Ke3 68. Re5+ Kf2 69. Ra5 Qd7+ 70. f5 Qg7+ 71. Kh5 Kf3 72. Ra3+ Kf4 {[%cal Rg7h7]} 73. Ra4+ Kxf5 {[%cal Rg7h8]} 74. Ra5+ Kf4 {[%cal Rg7h7]} 75. Ra4+ Kf3 76. Ra3+ Kf2 77. Ra2+ Kf1 78. Ra5 Qh8+ 79. Kg4 Qd4+ 80. Kh5 Kg2 81. Rg5+ Kh3 82. Kg6 Qf4 83. Rf5 Qe4 84. Kg5 Kg3 85. Kf6 Kg4 86. Re5 Qc6+ 87. Re6 Qc3+ 88. Kg6 Qd4 89. Rf6 Qe5 90. Kf7 Kg5 {Black mates.} 91. Rg6+ Kf5 92. Rg7 Qd6 93. Ke8 Qb8+ 94. Kf7 Qd8 95. Rh7 Qd7+ 96. Kg8 Qe8+ 97. Kg7 Kg5 98. Rh1 Qd7+ {Precision: White = 60%, Black = 71%.} 0-1

[Event "Baltic Zonal III Stage 2018"]
[Site "Liepaja"]
[Date "2018.07.13"]
[Round "7"]
[White "Pultinevicius, Paulius"]
[Black "Kovalenko, Igor"]
[Result "1/2-1/2"]
[WhiteElo "2422"]
[BlackElo "2624"]
[Annotator "TA"]
[PlyCount "40"]
[EventDate "2018.07.09"]
[EventType "swiss"]
[EventCountry "LAT"]
[SourceTitle "playchess.com"]
[Source "ChessBase"]
[SourceQuality "1"]

{[%evp 21,40,0,0,5,6,3,3,4,4,3,18,-12,-9,0,-5,-12,-23,-16,-6,-12,73]} 1. d4 Nf6 2. c4 c6 3. Nc3 d5 4. Nf3 e6 5. Bg5 Be7 6. e3 h6 7. Bh4 O-O 8. Qc2 Nbd7 9. Rd1 b6 10. Be2 Bb7 11. O-O {D61: Queen's Gambit Declined: Classical: 7 Qc2} Rc8 {LiveBook: 11 Games} 12. e4 (12. Bg3 {is more complex.} Nh5 13. Be5 Nhf6 14. Bg3) (12. Qb1 c5 13. dxc5 Rxc5 14. Bxf6 Nxf6 15. e4 Qb8 16. exd5 exd5 17. b4 Rcc8 18. Nxd5 Nxd5 19. cxd5 {1-0 (34) Babula,V (2552)-Saric,A (2580) Zillertal 2015}) 12... Nxe4 13. Bxe7 Qxe7 14. Nxe4 dxe4 15. Qxe4 Rfe8 $146 ({Predecessor:} 15... Nf6 16. Qe3 Rcd8 17. Ne5 c5 18. dxc5 bxc5 {½-½ (34) Goldenberg,I (2328)-Melander,B (2229) ICCF email 2006}) 16. Bd3 {[#] Qh7+ would kill now.} Nf6 17. Qe3 c5 18. Ne5 cxd4 19. Qxd4 Red8 20. Qe3 Kf8 (20... Nd7 $11 {keeps the balance.}) 1/2-1/2

[Event "Baltic Zonal III Stage 2018"]
[Site "Liepaja"]
[Date "2018.07.13"]
[Round "7"]
[White "Bernotas, Arturs"]
[Black "Pedoson, Georg Aleksander"]
[Result "1-0"]
[WhiteElo "2413"]
[BlackElo "2176"]
[Annotator "NA RC"]
[PlyCount "75"]
[EventDate "2018.07.09"]
[EventType "swiss"]
[EventCountry "LAT"]
[SourceTitle "playchess.com"]
[Source "ChessBase"]
[SourceQuality "1"]
[TimeControl "5400+30"]

1. e4 {[%emt 0:00:18]} e5 {[%emt 0:00:00]} 2. Nf3 {[%emt 0:00:26]} Nf6 {[%emt 0:00:00]} 3. Nxe5 {[%emt 0:00:29]} d6 {[%emt 0:00:00]} 4. Nf3 {[%emt 0:00:12]} Nxe4 {[%emt 0:00:00]} 5. d4 {[%emt 0:00:27]} d5 {[%emt 0:00:22]} 6. Bd3 {[%emt 0:00:19]} Be7 {[%emt 0:00:08]} 7. O-O {[%emt 0:00:13]} Nc6 {[%emt 0:00:15]} 8. Nbd2 {[%emt 0:00:26]} Nxd2 {[%emt 0:02:09]} 9. Bxd2 {[%emt 0:03:08]} Bg4 {[%emt 0:01:20]} 10. c3 {[%emt 0:00:45]} O-O {[%emt 0:01:51]} 11. Bf4 {[%emt 0:00:29]} Qd7 {[%emt 0:04:16]} 12. Re1 {[%emt 0:01:52]} Rae8 {[%emt 0:02:00]} 13. b4 {[%emt 0:08:08]} Bf6 {[%emt 0:06:17]} 14. Qc2 {[%emt 0:01:43]} Bxf3 {[%emt 0:08:44]} 15. Bxh7+ {[%emt 0:07:37]} Kh8 {[%emt 0:00:10]} 16. Bf5 {[%emt 0:00:18]} Rxe1+ {[%emt 0:03:05]} 17. Rxe1 {[%emt 0:00:36]} Re8 {[%emt 0:00:12]} 18. Rxe8+ {[%emt 0:15:20]} Qxe8 {[%emt 0:00:08]} 19. gxf3 {[%emt 0:00:07]} g6 {[%emt 0:07:14]} 20. Bd3 {[%emt 0:01:51]} Qd7 {[%emt 0:00:17]} 21. Qe2 {[%emt 0:03:11]} a6 {[%emt 0:08:34]} 22. Kg2 {[%emt 0:00:20]} Kg7 {[%emt 0:00:41]} 23. b5 {[%emt 0:03:42]} Nd8 {[%emt 0:02:28]} 24. bxa6 {[%emt 0:05:37]} bxa6 {[%emt 0:00:05]} 25. Bxa6 {[%emt 0:04:47]} Ne6 {[%emt 0:00:06]} 26. Bg3 {[%emt 0:00:14]} Qc6 {[%emt 0:03:36]} 27. Qd3 {[%emt 0:02:59]} Qa4 {[%emt 0:00:25]} 28. Bc8 {[%emt 0:01:31]} Nf8 {[%emt 0:02:00]} 29. Qa6 {[%emt 0:05:11]} Qc2 {[%emt 0:00:47]} 30. Qa5 {[%emt 0:01:45]} c6 {[%emt 0:00:59]} 31. a4 {[%emt 0:01:06]} Nh7 {[%emt 0:01:14]} 32. h4 {[%emt 0:01:22]} Qd2 {[%emt 0:00:35]} 33. Qc5 {[%emt 0:02:47]} Qh6 {[%emt 0:00:07]} 34. Qxc6 {[%emt 0:01:09]} Bxh4 {[%emt 0:00:08]} 35. Bxh4 {[%emt 0:01:15]} Qxh4 {[%emt 0:00:06]} 36. Qxd5 {[%emt 0:00:19]} Nf6 {[%emt 0:00:07]} 37. Qe5 {[%emt 0:01:01]} Kf8 {[%emt 0:00:07]} 38. a5 {[%emt 0:01:49]} 1-0

[Event "Baltic Zonal III Stage 2018"]
[Site "Liepaja"]
[Date "2018.07.13"]
[Round "7"]
[White "Klabis, Rokas"]
[Black "Seeman, Tarvo"]
[Result "1/2-1/2"]
[WhiteElo "2347"]
[BlackElo "2414"]
[Annotator "TA"]
[PlyCount "40"]
[EventDate "2018.07.09"]
[EventType "swiss"]
[EventCountry "LAT"]
[SourceTitle "playchess.com"]
[Source "ChessBase"]
[SourceQuality "1"]

{[%evp 22,40,21,6,7,0,5,5,12,0,4,0,7,7,8,0,0,8,8,0,7]} 1. e4 c5 2. Nf3 g6 3. d4 cxd4 4. Qxd4 Nf6 5. Nc3 Nc6 6. Qa4 d6 7. e5 dxe5 8. Nxe5 Bd7 {B27: Sizilianisch (Frühes Fianchetto)} 9. Nxd7 Qxd7 10. Be3 Bg7 11. Rd1 Qg4 12. Rd4 {LiveBook: 5 Partien. Die Stellung ist ausgeglichen.} Qf5 13. Bd3 Qe5 {[#]} 14. Bb5 $146 ({Vorgänger:} 14. Rb4 Qc7 15. Bb5 O-O 16. Rc4 {0-1 (36) Wei,Y (2706)-Bu,X (2681) China 2015}) 14... O-O 15. Bxc6 bxc6 16. O-O Nd5 17. Nxd5 cxd5 18. c4 dxc4 19. Qxc4 Rfc8 20. Qa4 a6 1/2-1/2

[Event "Baltic Zonal III Stage 2018"]
[Site "Liepaja"]
[Date "2018.07.13"]
[Round "7"]
[White "Sirosh, Ilja"]
[Black "Ladva, Ottomar"]
[Result "1/2-1/2"]
[WhiteElo "2339"]
[BlackElo "2498"]
[Annotator "TA"]
[PlyCount "149"]
[EventDate "2018.07.09"]
[EventType "swiss"]
[EventCountry "LAT"]
[SourceTitle "playchess.com"]
[Source "ChessBase"]
[SourceQuality "1"]

{[%evp 14,149,14,20,23,18,33,10,11,11,13,10,6,0,7,8,27,2,6,0,11,-6,-8,-10,-11,-6,-12,-14,-6,-7,-10,-35,-33,-39,-31,-52,-28,-50,-35,-46,-34,-52,-6,-6,-8,-27,0,-42,-29,-117,-43,-113,-38,-60,-64,-74,-78,-54,-36,-39,0,-108,-87,-87,-88,-142,-139,-169,-166,-217,-212,-199,-193,-283,-280,-268,-169,-155,-135,-159,-115,-166,-81,-80,-26,-26,-19,-18,-19,-21,0,-7,0,0,0,0,0,0,0,0,0,0,0,0,0,0,0,0,0,0,0,0,0,0,0,0,0,0,0,0,0,0,0,0,0,0,0,0,0,0,0,0,0,0,0,0,0,0]} 1. d4 d5 2. c4 e6 3. Nf3 a6 4. Bg5 Be7 5. Bxe7 Qxe7 6. Nbd2 {D30: Queen's Gambit Declined: Systems without Nc3} Nf6 7. Rc1 O-O 8. e3 {LiveBook: 8 Games} c6 9. Bd3 Nbd7 10. O-O $146 ({Predecessor:} 10. Qc2 e5 11. cxd5 cxd5 12. dxe5 Nxe5 13. Nxe5 Qxe5 {½-½ (63) Wojtaszek,R (2734)-Bartel,M (2637) Poland 2017}) 10... e5 11. dxe5 Nxe5 12. Nxe5 Qxe5 13. Qc2 Rd8 14. Nf3 Qh5 15. Rfd1 Be6 16. Nd4 Bg4 17. Re1 c5 {Hoping for ...dxc4.} 18. Ne2 $1 dxc4 19. Bxc4 b5 20. Nf4 Qe5 21. Be2 Bxe2 22. Qxe2 c4 23. Red1 h6 24. h4 Ne4 25. h5 Rac8 26. a3 Nf6 27. Rc2 Kh7 28. Rcd2 Rxd2 29. Rxd2 c3 30. bxc3 Rxc3 31. Rd3 (31. Rd8 $11 {remains equal.}) 31... Rc4 (31... Rc1+ $1 $17 32. Rd1 Qc3) 32. Qf3 (32. g3 $15) 32... Rc2 (32... Rc1+ $17 33. Rd1 Qa1 34. Rxc1 Qxc1+ 35. Kh2 Qxa3) 33. Rd8 {Strongly threatening Qa8.} Rc1+ $1 34. Kh2 $1 {[#]} Qg5 $1 $36 {[%cal Rg5h4][%mdl 2048] Black is on the roll.} 35. Rd1 Rc2 36. Kg1 Qg4 37. Ra1 (37. Qxg4 $11 Nxg4 38. f3 Nxe3 39. Rd7) 37... Qxf3 (37... Qf5 {keeps more tension.} 38. Rf1 Ra2 39. Qb7 Nxh5 40. Nxh5 Qxh5 41. Qxa6 Qd5) 38. gxf3 $17 {[%mdl 4096] Endgame KRN-KRN} Rc5 39. a4 (39. Nd3 $142 Rd5 40. Nb4) 39... b4 40. a5 Nxh5 41. Ne2 {[#]} (41. Nd3 $142 Rb5 42. Rb1) 41... Nf6 $1 $19 42. Nd4 Nd5 43. Rb1 (43. Nb3 $142 Rc3 44. Rb1) 43... Rxa5 44. e4 Nf4 {aiming for ...Rg5+.} 45. Rxb4 h5 46. Nf5 Ra1+ 47. Kh2 Rf1 (47... Ra2 $19 {and Black stays clearly on top.} 48. Kg3 g5) 48. Ra4 g5 (48... Ne2 $17 49. Kg2 Rg1+ 50. Kh2 Rg6) 49. Ra2 $11 h4 50. Ne3 {The position is equal.} Rb1 51. Rxa6 Nd3 52. Ng4 Rb3 53. Rf6 Kg7 {Threatens to win with ...Nxf2!} 54. Rf5 Ne1 55. Rxg5+ Kf8 56. Ra5 Nxf3+ 57. Kh3 Kg7 58. Ne3 Rb2 59. Kg4 Rxf2 60. Nf5+ Kf6 61. Nxh4 Nxh4 62. Kxh4 {KR-KR} Rf4+ 63. Kg3 Rxe4 64. Kf3 Re5 (64... Rc4 {looks sharper.} 65. Rh5 Kg6 66. Ra5 f6 67. Rb5 Rc2) 65. Ra6+ Kf5 66. Ra7 f6 67. Ra8 Rc5 68. Ra7 Rc3+ 69. Kf2 Rd3 70. Ra4 Ke5 71. Rb4 Rd4 72. Rxd4 Kxd4 73. Kf3 f5 (73... Kd5 $5) 74. Kf4 Kc5 75. Kxf5 {Precision: White = 53%, Black = 43%.} 1/2-1/2

[Event "Baltic Zonal III Stage 2018"]
[Site "Liepaja"]
[Date "2018.07.13"]
[Round "7"]
[White "Rogule, Laura"]
[Black "Kveinys, Aloyzas"]
[Result "1-0"]
[WhiteElo "2320"]
[BlackElo "2537"]
[Annotator "TA"]
[PlyCount "117"]
[EventDate "2018.07.09"]
[EventType "swiss"]
[EventCountry "LAT"]
[SourceTitle "playchess.com"]
[Source "ChessBase"]
[SourceQuality "1"]

{[%evp 13,117,10,28,11,7,4,11,14,16,0,0,-12,-9,-9,-2,-9,-9,-9,0,-10,-10,-12,2,-12,25,-22,0,-19,0,0,12,15,11,10,31,0,58,10,71,67,64,-12,0,-55,0,0,0,0,43,56,44,34,47,22,31,27,31,33,56,11,14,14,12,0,0,0,6,0,73,47,130,137,231,214,287,172,254,215,262,233,509,519,510,522,513,506,493,471,701,700,653,470,470,470,477,477,477,443,631,631,3406,-8,776,0,578,0]} 1. d4 Nf6 2. c4 e6 3. Nf3 d5 4. Bg5 h6 5. Bxf6 Qxf6 6. e3 c6 {D30: Damengambit (ohne Sc3)} 7. Nbd2 Nd7 {LiveBook: 12 Partien} 8. a3 $146 ({Vorgänger:} 8. Bd3 g5 9. h3 Bg7 10. e4 e5 11. O-O O-O 12. Re1 exd4 13. cxd5 cxd5 14. Rc1 {0-1 (34) Wang,Y (2739)-Topalov,V (2796) Nice 2009}) 8... g6 {Die Stellung ist ausgeglichen.} 9. Be2 Bg7 10. O-O O-O 11. b4 Qe7 12. cxd5 exd5 13. Qb3 a6 14. a4 Nb6 15. Rfc1 Be6 16. Qc3 Nc8 17. Qc5 Re8 18. Nb3 Bf5 19. Nfd2 h5 20. Bf1 Bf8 21. b5 Qf6 22. Qc3 axb5 23. axb5 Rxa1 24. Rxa1 Bd6 (24... Nb6 $11) 25. Ra8 Rf8 (25... Qh4 $6 26. Nf3 $16) (25... cxb5 $11 {bleibt in der Remisbreite.} 26. Bxb5 Rf8) 26. Na5 $16 cxb5 27. Bxb5 (27. Nxb7 $14 Be7 28. Qb3 (28. Bxb5 Qb6 $16)) 27... Qe7 $11 28. Qb3 (28. Nf3 $11) 28... Qc7 (28... Kg7 $1 $15) 29. Qxd5 Bxh2+ 30. Kh1 $1 ({Vergiftet wäre} 30. Kf1 $2 Qc1+ 31. Ke2 Bc2 $19) 30... Nd6 31. Rxf8+ Kxf8 32. Bf1 {Und g3 würde nun gewinnen.} b6 33. Nab3 Ne8 34. g3 Bxg3 $1 35. fxg3 Qxg3 36. Qf3 Qh4+ 37. Kg1 Nf6 38. Qf2 Qg5+ 39. Bg2 $1 Nd5 40. Nf1 h4 (40... Bh3 $11 {hält das Gleichgewicht.}) 41. Kh2 Nc3 {[#]} (41... Nf6 $14 42. Bf3 Ng4+ 43. Bxg4 Qxg4) 42. Nbd2 $1 $16 Qh6 (42... Bd3 $16 43. Nf3 Qf6 44. Qxh4 Qxh4+ 45. Nxh4 b5) 43. e4 $18 Bd7 44. d5 ({Viel schwächer ist} 44. Qf6 $6 Ne2 $18) (44. Qf3 $142 h3 45. Qxc3 Qf4+ 46. Qg3 Qxg3+ 47. Kxg3 hxg2 48. Kxg2) 44... Qg5 (44... h3 $142) 45. Qxb6 Qe5+ 46. Kh1 Kg7 $2 {[#]} (46... h3) 47. Nc4 Qf6 48. Qxf6+ Kxf6 49. e5+ Ke7 50. Nfe3 f6 (50... Ne2 $142 51. d6+ Kd8) 51. d6+ Ke6 52. Bh3+ f5 53. Nc2 Ne2 54. Bg2 Bb5 55. N2e3 Nf4 (55... Ng3+ $142 56. Kh2 Ne4 57. Bxe4 fxe4) 56. Bb7 Ne2 57. Nc2 $2 (57. Bd5+ $18 Kd7 58. e6+ Ke8 59. Ne5) 57... Bd7 $2 {[%mdl 8192]} (57... Bxc4 $11 58. Bc8+ Kf7) 58. N2e3 $2 ({Günstiger ist} 58. Kh2 $18 Bb5 59. Nb6 Kxe5 60. d7 Bxd7 61. Nxd7+ Kd6 62. Nb6) 58... Nf4 $2 {[%mdl 8192]} (58... Bb5 $1 $11 59. Bd5+ Kd7 60. e6+ Kc8) 59. Nc2 $2 {[%mdl 32768] Precision: Weiß = 41%, Schwarz = 34%. . Loss on Time!?} ({Besser ist} 59. Kh2 $18 Ba4 60. Ba6) 1-0